| 000 | 00594nam a2200241 a 4500 | ||
|---|---|---|---|
| 001 | nice12345678 | ||
| 003 | IN_TiNIC | ||
| 005 | 20260116011853.0 | ||
| 008 | 050524s1960 cala grp 000 0 eng | ||
| 020 |
_a _c15 |
||
| 082 | 0 | 0 |
_a958.103 _bGHO |
| 100 | _aGhose, Dilip Kumar | ||
| 245 |
_aEngland and Afghanistan _b Phase in Their Relations |
||
| 260 |
_aCalcutta _bWorld Press _c1960 |
||
| 300 | _a230p | ||
| 500 | _aincludes index and biblioraphy | ||
| 505 | 2 | _aIndex | |
| 650 | _aAfghanistan | ||
| 700 | 1 | _aGhose, Dilip Kumar | |
| 902 | _bSRS | ||
| 942 | _cBK | ||
| 999 |
_c4598 _d4598 |
||